Le jeu de la chenille - Statistiques

Statistiques générales
  • Ce quiz a été pris 403 fois
  • Le résultat moyen est 7 sur 20
Statistiques - réponses
Question Réponse % Correct
Quel est la plus grande île du monde (hors continents) ? Australie
100%
Quelle chanteuse AUSTRALIEnne a interprété Chandelier ou encore 1+1 en duo avec Amir ? Sia
86%
Quel pays se nommait autrefois SIAm ? Thaïlande
69%
Combien la THAÏLANDE a-t-elle eu de médailles d'or lors des jeux Olympiques de Paris 2024 ? Une
50%
Quel objet possède la jeUNE fille sur un tableau de Johannes Vermeer ? Perle
43%
Quel jeu vidéo sorti sur Nintendo DS est la version complémentaire de Pokémon PERLE ? Diamant
38%
Quelle unité utilise-t-on pour mesurer le poids d'un DIAMANT ? Carat
37%
Qu'est ce qui est plus "belle" dans cette série TV dans laquelle joue Fabienne CARAT ? Vie
35%
Comment s'appelle le personnage barbu dans le dessin animé "Il était une fois la VIE'' ? Maestro
29%
Quelle est la traduction française du mot MAESTRO ? Maître
29%
De quelle couleur est MAÎTRE Yoda ? Vert
29%
Quel fruit VERT se consomme souvent avec de la mayonnaise ? Avocat
26%
Que peut-on trouver à la fois au centre de la Terre et au centre d'une cellule, mais aussi au milieu d'un AVOCAT ? Noyau
26%
Le NOYAU d'un atome est constitué de neutrons (charge neutre) et de protons (charge...) Positive
25%
Qui chante "POSITIVE attitude" ? Lorie
24%
Quel est la seule anagramme du mot LORIE (selon le scrabble)? Oriel
16%
En un mot, qu'est-ce qu'un ORIEL ? Fenêtre
15%
Quelle arme utilise des CARREAUx pour munitions ? Arbalète
5%
Plaque de verre dont sont munies les FENÊTREs, les portes vitrées d'après Google. Carreau
5%
Pour fabriquer une ARBALÈTE dans le jeu vidéo Minecraft, il faut du fer, de la ficelle, un crochet et... Bâton
3%
Aucun quiz correspondant
Distribution des résultats
% des personnes avec chaque résultat
Percentile par nombre de réponses
Votre historique - résultats
Vous n’avez pas pris ce quiz